00755nam a2200205 a 450000100060000000300080000600500170001400800410003103500440007204000370011604100080015308200220016124501410018326000590032430000290038350000310041250400290044365000350047270000420050723750BD-RjUL20211209000952.0140223s1959 -usacb edb 000 0 eng d aOCLC 01870370 from fd09a(BD-RjUL)23815 aDLCcFQGdEQOdEQOdBD-RjULbeng aeng a032221bENC 195910aEncyclopaedia Britannica :ba new survey of universal knowledge /cWalter Yust, ...[et. al.], ed.nVolume 11 :pGUNNERY to HYDROXYLAMINE aChicago ;aLondon :bEncyclopaedia Britannica,cc1959. a996 p.:bill. ;c28 cm. aIndex and atlas - Vol. 24. aIncludes bibliographies. 0aEncyclopedias and dictionaries1 aYust, Walter,...[et. al.], ed.d1894-